[Event "CZE-ch"]
[Site "Luhacovice"]
[Date "2003.02.26"]
[Round "9"]
[White "Hracek, Zbynek"]
[Black "Haba, Petr"]
[Result "1/2-1/2"]
[WhiteElo "2601"]
[BlackElo "2516"]
[Annotator "Postny,E"]
[PlyCount "75"]
[EventDate "2003.02.18"]
[EventType "tourn"]
[EventRounds "11"]
[EventCountry "CZE"]
[EventCategory "9"]
[SourceTitle "CBM 094"]
[Source "ChessBase"]
[SourceDate "2003.05.26"]
[SourceVersion "1"]
[SourceVersionDate "2003.05.26"]
[SourceQuality "1"]

1. e4 e5 2. Nf3 Nc6 3. Bb5 a6 4. Ba4 Nf6 5. O-O Nxe4 6. d4 b5 7. Bb3 d5 8. dxe5
Be6 9. Nbd2 Nc5 10. c3 d4 {The beginning of a sharp variation. The
alternatives are: 10...Be7 and 10...Bg4.} 11. Ng5 Qxg5 ({Another common
alternative nowadays is} 11... Bd5 {but requires a strong nerves from black,
since after} 12. Nxf7 Kxf7 13. Qf3+ {white has a dangerous attack.}) 12. Qf3
O-O-O 13. Bxe6+ fxe6 14. Qxc6 Qxe5 15. b4 Qd5 (15... dxc3 16. bxc5 cxd2 17.
Qxa6+ Kd7 18. Bxd2 Qxc5 19. Bf4 $36 {1-0 Sutovsky,E-Mikhalevski,V/Internet
Chess Club 2002/EXT 2003 (34)}) 16. Qxd5 exd5 17. bxc5 dxc3 18. Nb3 d4 19. Ba3
{Up to now it is well known theoretical variation, which does not have a
determined evaluation yet.} g6 ({Bad is} 19... Rd5 $2 {in view of} 20. Rfd1 {
[%csl Rd4] Naiditsch,A-Rogers,I/Wijk aan Zee 2003/CBM 93 [Postny]}) ({Another
common move is} 19... Be7 {which leads to a similar position after} 20. Bb4 Bf6
21. a4) 20. Bb4 Bg7 21. a4 bxa4 $146 {In this particular position this move is
new, although the idea itself was already tried after 19...Be7 20.Bb4 Bf6 21.
a4 bxa4.} ({Almost all previous games went with} 21... Kd7 {. For instanse see
the encounter Kasparov,G-Shirov,A/Linares 2001/CBM 82/1-0 (38)}) 22. c6 $1 {
[%csl Rc8][%cal Ga1a8] Black must take into account this reply, before playing
21...bxa4. The black king is in danger now, but black's central pawns still
can save him.} (22. Rxa4 d3 (22... Kd7 $5) 23. c6 {is a transposition.}) 22...
d3 $1 {[%csl Gc3,Gd3]} (22... axb3 $4 23. Rxa6 Kb8 24. Rfa1 {mating.}) 23. Rxa4
d2 24. Rxa6 Kb8 {[%cal Gd2d1]} 25. Nxd2 ({A curious variation arises after} 25.
Bc5 $6 d1=Q 26. Ba7+ Kc8 27. Bd4 {[%cal Ga6a8]} Qxb3 28. Ra8+ Qb8 29. Rxb8+
Kxb8 30. Rb1+ Kc8 31. Ra1 Kb8 $11) 25... cxd2 26. Rd1 ({The tactical tricks
does not work:} 26. Bd6 $2 cxd6 27. Rb1+ Kc8) (26. Bxd2 $2 Rxd2 27. Rb1+ Rb2
28. Rba1 Kc8 {[%cal Yb2b8]}) 26... Rhe8 27. Kf1 Re1+ $1 {After the exchange of
one pair of rooks, the black king is out of danger.} 28. Rxe1 dxe1=Q+ 29. Bxe1
Bd4 {White is a pawn up, but black's resources seems to be sufficient for
maintaining the balance. White's main concern is a weakness of Pc6.} 30. Ra4 (
30. f3 Rd6 31. Bf2 Bxf2 32. Kxf2 Rd2+ 33. Kg3 Rb2 $11 {[%csl Rc6][%cal Gb2b6]})
30... Rd6 31. f4 Bb6 32. Rc4 Ka7 {[%csl Rc6][%cal Ga7a6,Ga6b5]} 33. Ra4+ Kb8
34. Rc4 Ka7 {White is not able to hold his temporary material advantage.} 35.
Bb4 Rd4 36. Rxd4 Bxd4 37. Ba5 Bb6 38. Bc3 (38. Bc3 Ka6 $11 {[%csl Rc6]})
1/2-1/2

[Event "Dortmund m"]
[Site "Dortmund"]
[Date "2003.08.07"]
[Round "7"]
[White "Baramidze, David"]
[Black "Belikov, Vladimir"]
[Result "1/2-1/2"]
[WhiteElo "2470"]
[BlackElo "2499"]
[Annotator "Postny,E"]
[PlyCount "91"]
[EventDate "2003.07.31"]
[EventType "match"]
[EventRounds "10"]
[EventCountry "GER"]
[SourceTitle "CBM 097"]
[Source "ChessBase"]
[SourceDate "2003.11.11"]
[SourceVersion "1"]
[SourceVersionDate "2003.11.11"]
[SourceQuality "1"]

1. e4 {Kortschnoj} e5 2. Nf3 Nc6 3. Bb5 a6 4. Ba4 Nf6 5. O-O Nxe4 6. d4 b5 7.
Bb3 d5 8. dxe5 Be6 9. Nbd2 Nc5 10. c3 g6 {This rare line is used sometimes by
Kortschnoj and Murey. Black is intending to put pressure on white's Pe5 as
quickly as possible.} 11. Bc2 (11. Qe2 Bg7 12. Nd4 Nxd4 (12... Nxe5 13. f4 Nc4
14. f5 gxf5 15. Nxf5 Rg8 16. Nxc4 dxc4 17. Bc2 Nd3 18. Bh6 $36 {1-0 Karpov,
A-Kortschnoj,V/Baguio City 1978/MainBase (28)}) 13. cxd4 Nb7 14. Bc2 c5 15. f4
cxd4 16. Nb3 Qb6 17. Qf2 O-O 18. Nxd4 $14 {0-1 Fishbein,A-Murey,J/Moscow 1989/
CBM 14 (66)}) (11. Re1 Nd3 12. Re3 Nxc1 13. Rxc1 Bh6 14. Rd3 $2 {[%csl Rd3]} (
14. Re1 $11) 14... O-O 15. Qe2 Ne7 16. Rd1 c5 $17 {1-0 Fedorchuk,S-Kortschnoj,
V/Warsaw rapid 2002 (87)}) (11. Nd4 Nxe5 12. Qe2 Ned3 13. Nxe6 fxe6 14. Bc2
Nxc1 15. Raxc1 Qd6 16. Rfe1 Bh6 17. Rcd1 O-O 18. a4 Nd7 19. Qxe6+ Qxe6 20. Rxe6
Rfe8 $11 {1/2-1/2 Smirin,I-Murey,J/Tel Aviv 1991/CBM 27 ext (30)}) 11... Bg7
12. Re1 Nd7 13. Nb3 $6 $146 {'?' Kortschnoj. White is sacrificing a pawn for
the initiative, but objectively speaking, this is dubious decision. Kortschnoj:
'A weak move. After'} (13. Nd4 $1 Ndxe5 {Kortschnoj} ({Kortschnoj: or} 13...
Nxd4 14. cxd4 c5 15. Nf3 (15. f4 {Kortschnoj}) 15... Bg4 16. Bb3 c4 17. Bc2 O-O
18. h3 Bxf3 19. Qxf3 Nb8 20. Be3 Nc6 21. Qg3 f6 $132 {1/2-1/2 Almasi,
Z-Kortschnoj,V/Budapest 2003 (28)}) 14. Nxe6 fxe6 15. f4 Nf7 16. Rxe6+ Ne7 17.
Qe2 {white has a clear edge.}) 13... Ndxe5 14. Nxe5 Nxe5 15. f4 Nc4 (15... Nc6
$5 {Kortschnoj}) 16. f5 gxf5 17. Qh5 (17. Bxf5 O-O 18. Bxe6 fxe6 19. Rxe6 Qh4 {
with strong counterattack.}) 17... O-O 18. g4 {Logical attacking continuation.
On the other hand white's king is unsafe now as well.} (18. Nd4 $6 Bxd4+ 19.
cxd4 Qf6 $17) 18... Bc8 $1 {[%mdl 256] Very strong and flexible retreat.
Kortschnoj: 'The threat g4xf5 + f5-f6 is worrysome, but it is a pity to move
back to c8 the already developed piece. More subtle was 18...Re8 19.gf Bd7. By
the way, with the knight on c6 (instead of c4) black would have had a more
active reply: 18...d4! (19.gxf5 d3!) '} (18... Re8 {Kortschnoj} 19. gxf5 Bd7)
19. Nd4 {'!' Kortschnoj. Kortschnoj: 'Interesting way to run an assault
against the black king. Otherwise after 19.gxf5 Bf6 white would not have much
on the king side.'} (19. gxf5 Bf6 $1 {and white's attack is coming to an end,
while his king is quite exposed.}) 19... Bxd4+ {Kortschnoj: 'The only move.'} (
19... Nd6 {(Kortschnoj) was bad because of} 20. Nc6 $1) 20. cxd4 Kh8 $1 ({
Dangerous for black is} 20... Qf6 21. Bh6 Qxd4+ 22. Kh1) 21. gxf5 Nd6 {[%csl
Ge4][%cal Gd6e4] Transfering the knight to better pastures.} (21... Qf6 22. Kh1
$1 $44) 22. Bh6 $6 ({Deserved attention:} 22. Bf4 Ne4 (22... Rg8+ 23. Kh1 Ne4
$2 24. Bxe4 dxe4 25. Qxf7 Qxd4 26. Qe7 $18 {[%cal Rf4e5]}) 23. Rac1 {[%csl Rc7]
}) ({It seems, white is winning after} 22. f6 {Kortschnoj} Rg8+ 23. Kh1 Ne4 24.
Rxe4 dxe4 25. Bxe4 {But not! After} Rg1+ $1 26. Kxg1 Qxd4+ 27. Kf1 Qxe4 {
black is certainly not in danger.}) 22... Rg8+ 23. Kh1 Ne4 {Threatening mate
in one.} 24. Bxe4 $6 {Quite a risky exchange.} (24. Re2 $5) ({It was very
tempting to sacrifice an exchange:} 24. Rxe4 {Kortschnoj} dxe4 25. Bxe4 Rb8 26.
f6 {Still, after} Qxd4 (26... Qxf6 $4 27. Bg5 Qg7 28. Bf6 $18) 27. Bg7+ (27.
Re1 $4 Rg1+ $19) 27... Rxg7 28. fxg7+ Kxg7 29. Rg1+ Kf8 {black manages to
defend himself.}) 24... dxe4 25. Qxf7 (25. Rg1 Bb7 26. Rxg8+ Qxg8 27. d5 e3 $1
(27... Bxd5 $4 28. f6 $18 {[%csl Rd5][%cal Gh6g7,Gh5d5]}) 28. f6 Qg6 $17) 25...
e3 {[%csl Rh1][%cal Gc8b7,Gb7h1] '!' Kortschnoj. Kortschnoj: 'Excellent!'} ({
After} 25... Bb7 {Kortschnoj} 26. Re3 Bd5 27. Qh5 {white, due to the threat
Bf4-e5 had better chances.}) 26. d5 (26. Rad1 Bb7+ 27. d5 {is a transposition.}
) 26... Bb7 $8 {[%csl Rd5,Rh1][%cal Gb7h1]} (26... Qh4 $4 {[%cal Gh4e4,Gh4h6]}
{[%tqu "En","Please enter a move for white.","","","h6g7","",8]} 27. Bg7+ $1
Rxg7 28. Qe8+ Rg8 29. Qe5+ Rg7 30. f6 $18) 27. Rad1 $8 {[%cal Gf5f6]} Qh4 $8 {
[%cal Gh4e4,Gh4h6]} 28. Qe6 $8 Rge8 $1 (28... Rae8 $2 29. Bg7+ $1 Kxg7 30. Rg1+
Kh8 31. Rxg8+ Rxg8 32. Qe5+ Rg7 33. Qe8+ {with perpetual check.}) (28... Bxd5+
{Kortschnoj} 29. Qxd5 Qxh6 {would lead to a quick draw, but black is playing
for win. Unfortunately for him, the natural 28...Rae8 does not work, due to 29.
Bg7!, winning for white.}) 29. Rg1 $1 {This tactical resource saves white from
the immediate loss. Kortschnoj: 'The only move!'} Rxe6 30. Bg7+ Kg8 31. Bf6+
Kf7 32. Bxh4 Re5 {After a sequence of forced moves the opponents landed in the
endgame with good winning chances for black.} 33. Rg3 Bxd5+ 34. Kg1 Rxf5 $2 {
It's clearly wrong to give strong passed pawn on e3. Kortschnoj: 'Presumably,
at severe time trouble.'} ({Possible was} 34... Rg8) ({After} 34... e2 {
Kortschnoj} 35. Re1 Re4 36. Rd3 c6 37. Bg3 Bxa2 {white would hardly be able to
hold the game.}) 35. Rxe3 Rg8+ 36. Rg3 Rxg3+ 37. Bxg3 c5 38. a3 b4 $2 {This
careless advance spoiles black's winning chances. Almost any other move would
have been better.} 39. axb4 cxb4 40. Rd4 $1 a5 41. Rf4 $11 {After the exchange
of rooks white draws easily.} Ke6 42. Rxf5 Kxf5 43. Kf2 a4 (43... Ke4 44. Ke2
$11) 44. Ke3 a3 45. bxa3 bxa3 46. Be1 1/2-1/2

[Event "Julian Borowski-A 4th"]
[Site "Essen"]
[Date "2002.05.16"]
[Round "1"]
[White "Luther, Thomas"]
[Black "Krasenkow, Michal"]
[Result "1/2-1/2"]
[WhiteElo "2566"]
[BlackElo "2641"]
[Annotator "Postny,E"]
[PlyCount "42"]
[EventDate "2002.05.16"]
[EventType "tourn"]
[EventRounds "9"]
[EventCountry "GER"]
[EventCategory "16"]
[SourceTitle "CBM 090"]
[Source "ChessBase"]
[SourceDate "2002.09.20"]
[SourceVersion "1"]
[SourceVersionDate "2002.09.20"]
[SourceQuality "1"]

1. e4 e5 2. Nf3 Nc6 3. Bb5 a6 4. Ba4 Nf6 5. O-O Nxe4 6. d4 b5 7. Bb3 d5 8. dxe5
Be6 9. Nbd2 Bc5 10. Qe1 $5 {This rare move was already played by GM Luther
with success.} ({A principal continuation is} 10. Nxe4) ({Also appearing in
practice} 10. Qe2) (10. c3 {leads to the main line.}) 10... Nxd2 11. Bxd2 (11.
Qxd2 Qd7 12. Qg5 (12. a4 O-O 13. Rd1 Ne7 14. Qe2 Bb6 15. h3 Ng6 16. c3 Rfe8 17.
Be3 c5 18. Bc2 Qc6 19. Ng5 Rad8 20. axb5 axb5 21. Ra6 Qb7 22. Qxb5 $18 {
1-0 Kuzmin,G-Gretarsson,H/Lyon 1994/CBM 45 (31)}) 12... O-O 13. Be3 Be7 14. Qg3
f6 15. Bh6 Bc5 16. Rae1 Nd4 $2 (16... Nxe5 17. Nxe5 fxe5 18. Rxe5 Rf7) 17. Nxd4
Bxd4 18. c3 Bb6 19. exf6 Rxf6 20. Rxe6 Rxe6 21. Bxd5 $18 {1-0 Dvoirys,S-Ernst,
S/Hoogeveen 2000/CBM 78 ext (23)}) 11... Bg4 $6 $146 {A concrete move, which
is not recommended, especially after this game...} (11... O-O 12. Rd1 (12. Be3
d4 13. Bg5 Qd7 14. Qe4 h6 15. Bd2 Rae8 16. Rfe1 Re7 17. Qh4 Bd5 18. Qg3 {
1/2-1/2 Luther,T-Gretarsson,H/Gausdal 1994/EXT 97 (18)}) 12... Qd7 13. Bg5 d4
$6 (13... Rfe8) 14. c3 h6 15. Nxd4 Nxd4 16. Be3 Nf3+ 17. gxf3 Qc6 18. Bxc5 Qxc5
19. Qe4 $14 {1-0 Luther,T-Mikhalevski,V/Turin 1996/EXT 98 (54)}) 12. Be3 $1
Bxf3 $6 {Krasenkow is being very consequent. However this is very risky.} (
12... d4 $6 13. Bg5 Qd7 14. e6 $1 Bxe6 15. Ne5 Nxe5 16. Qxe5 $16 {[%csl Rc5,
Rg7]}) ({Relatively better for black is} 12... Bxe3 13. Qxe3 O-O {although
white keeps stable advantage.}) {[%tqu "En","Please enter a  move for white.",
"","","e1c3","This Q thrust actually refutes the whole black idea started with
11...Bg4.",15,"e3c5","",0]} 13. Qc3 $1 {[%mdl 128] This Q thrust actually
refutes the whole black idea started with 11...Bg4.} (13. Bxc5 $2 Qg5 14. g3
O-O-O $15) 13... d4 14. Qxc5 dxe3 15. gxf3 (15. fxe3 $2 {[%csl Rf7]} Qe7 $8 16.
Qxe7+ Kxe7 17. gxf3 Nxe5 $11) 15... Qg5+ ({After} 15... exf2+ 16. Kh1 $1 Ne7
17. Rad1 Qb8 (17... Qc8 18. Rxf2 $18 {[%csl Re8]}) 18. e6 {black can not
survive the attack.}) 16. Kh1 Nxe5 17. Rae1 $1 ({An interesting alternative,
which is more complicated, suggested by our metal friend - Fritz is:} 17. Bd5
$5 O-O-O 18. Qa7 c6 (18... Kd7 19. Qxa6) 19. f4 $1 Qf5 (19... Qxf4 20. fxe3 Qh6
(20... Qg4 $2 21. Qxa6+ Kc7 22. Rxf7+ Kd6 23. Rf4 $40) 21. Qxa6+ Kb8 22. Qb6+
Kc8 23. Bg2 Rd2 24. a4 Ng4 25. Qxc6+ Qxc6 26. Bxc6 $16) 20. Qxa6+ Kc7 21. Qa7+
Kd6 (21... Kc8 22. Bg2 e2 23. Rfe1 Qxf4 24. Rxe2 $16) 22. fxe5+ Kxd5 23. Rad1+
Ke6 24. Qxe3 $16 {[%csl Re6]}) 17... O-O-O 18. Qa7 $2 {This move throws away
all of white's advantage.} (18. Rxe3 {was called for and black is in real
trouble.} Rhe8 (18... f6 19. Qa7 {Now this move is winning, since black's
defensive resource Qg5-f6 is no longer possible.}) (18... Nxf3 19. Qa7 Nd4 20.
c3 $1 $18) 19. Rfe1 Qf4 (19... f6 20. Bf7 $1 $18 {[%csl Re8]} Rf8 21. Qa7 Rxf7
(21... Nxf7 22. Re7) 22. Qa8+ Kd7 23. Rd1+) 20. Kg2 {[%csl Re5]} Qg5+ 21. Kf1 {
and black is simply paralized.}) 18... Qf6 19. Rxe3 ({Probably the last chance
to fight for the advantage was:} 19. fxe3 Qc6 (19... Qb6 $2 20. Qa8+ Kd7 21.
Rd1+ Ke7 22. Qe4 $18) 20. e4 {but after} Qb6 $1 21. Qa8+ Kd7 22. Qd5+ Qd6 23.
Rd1 Ke7 {black has got a reasonable position.}) 19... Qc6 $1 20. Rxe5 (20. Rc3
$6 Qb7) 20... Qxf3+ 21. Kg1 Qg4+ 1/2-1/2

[Event "Minneapolis HB Global op"]
[Site "Minneapolis"]
[Date "2005.05.20"]
[Round "5"]
[White "Adianto, Utut"]
[Black "Schneider, Dmitry"]
[Result "0-1"]
[WhiteElo "2588"]
[BlackElo "2466"]
[Annotator "Postny,E"]
[PlyCount "76"]
[EventDate "2005.05.18"]
[EventType "swiss"]
[EventRounds "9"]
[EventCountry "USA"]
[SourceTitle "CBM 107"]
[Source "ChessBase"]
[SourceDate "2005.08.01"]
[SourceVersion "1"]
[SourceVersionDate "2005.08.01"]
[SourceQuality "1"]

1. e4 e5 2. Nf3 Nc6 3. Bb5 a6 4. Ba4 Nf6 5. O-O Nxe4 6. d4 b5 7. Bb3 d5 8. dxe5
Be6 9. Be3 ({The main theoretical alternative is} 9. Nbd2) 9... Be7 (9... Bc5 {
was unsuccessfully played by Adianto as black in the game Akopian,V-Adianto,U/
Tripoli 2004/CBM 102 (1-0,43) [Postny,E]}) 10. Nbd2 {A rare move-order and not
the most precise one.} ({The immediate} 10. c3 {should be played here.}) 10...
Nc5 11. c3 {The alternatives do not yield White an advantage as well.} (11. Ng5
O-O 12. Nxe6 fxe6 13. Nf3 Kh8 14. c3 Nxb3 15. axb3 Qd7 16. Qe2 Nd8 17. Ne1 c5
$132 {1/2-1/2 Firman,N-Mikhalevski,V/Denver 2003 (41)}) (11. Nd4 Nxd4 12. Bxd4
Qd7 13. c3 Na4 14. Rb1 c5 15. Be3 O-O 16. Nf3 Rad8 17. Qe2 Bf5 18. Rbd1 Qe6 19.
Rfe1 h6 20. Bc2 Bg6 21. Bc1 Rd7 22. h3 Rfd8 23. Bb3 Nb6 24. Bc2 Na4 25. Bb3 Nb6
26. Bc2 {1/2-1/2 Tseshkovsky,V-Balashov,Y/Rostov on Don 1980}) (11. Bxc5 Bxc5
12. c3 Qd7 13. Qe2 O-O 14. Rad1 Rad8 15. Bc2 Bf5 16. Nb3 Bb6 17. Bxf5 Qxf5 18.
Nbd4 Nxd4 19. cxd4 f6 {1/2-1/2 Handke,F-Marin,M/Andorra 2002}) 11... Nd3 $1 {
This additional possibility became available only after white's inaccurate
order of moves.} 12. Qc2 (12. Qb1 Ndxe5 13. Nxe5 Nxe5 14. Bd4 f6 15. Bc2 c5 16.
Bxe5 fxe5 17. Re1 Qd6 18. a4 O-O 19. axb5 axb5 20. Bxh7+ Kh8 $17 {0-1 Frolov,
A-Huzman,A/Uzhgorod 1988 (39)}) 12... Ndxe5 13. Nxe5 Nxe5 14. Bd4 Ng4 $5 $146 {
A very interesting novelty. Black decided not to suffer for the pawn, but to
sacrifice himself and take over the initiative.} (14... f6 15. Rfe1 (15. Rae1
Qd6 16. Qd1 O-O 17. Qe2 Bf7 18. Bxe5 fxe5 19. Qxe5 Rfe8 $15 {0-1 Klinger,
J-Anand,V/Baguio 1987 (40)}) 15... Qd6 16. Rad1 O-O (16... Rd8 17. Bxe5 fxe5
18. c4 Bg4 19. cxd5 Bxd1 20. Qxd1 c5 21. dxc6 g6 22. Qe2 $40 {1-0 Tseshkovsky,
V-Kaidanov,G/Moscow 1985 (26)}) 17. Ne4 Qc6 18. Ng3 Bc5 19. Bxc5 Qxc5 20. Ne4
Qc6 21. Ng5 fxg5 22. Rxe5 Rad8 23. Qd3 Qd6 24. Rxg5 Qf4 25. Qe3 Qxe3 26. fxe3
Rde8 $11 {1/2-1/2 Panchenko,A-Tukmakov,V/Tashkent 1980 (37)}) 15. Bxg7 Qd6 {
[%csl Rh2]} 16. Nf3 Rg8 17. Qxh7 O-O-O {Black has completed the development
and all his pieces are excellently placed, which certainly compensates the
lack of a pawn. White has to play very accurately in order not to get a under
dangerous attack.} 18. Rae1 (18. a4 Qf4 19. axb5 Bf5 {[%csl Rg7,Rh7] and black
is winning a piece.}) 18... Qf4 19. Bd1 (19. Bd4 $1 Nf6 $6 {[%csl Rf3,Rh7]} (
19... Bf5 20. Qxf7 Nh6 21. Qxe7 Qxf3 22. Bg7 Qg4 23. Qc5 Rxg7 24. Bxd5 $13) 20.
Qd3 Bh3 (20... c5 $2 21. Be5 Qg4 22. Bg3 c4 23. Qe3 cxb3 24. Qa7 Bd6 25. Qxa6+
Kc7 26. Nd4 $18) 21. g3 (21. Ng5 $2 {[%cal Gd3h3]} Bxg2 $1 22. Qg3 Nh5 $1 23.
Qxf4 Nxf4 24. Rxe7 Rxg5 $19) 21... Ne4 22. Ne5 Bxf1 23. Kxf1 Qf5 24. Bxd5 Rxd5
25. Qxe4 Qxe4 26. Rxe4 f5 27. Nc6 Bd6 28. Ne7+ Bxe7 29. Rxe7 $16) 19... Bf6 20.
g3 $2 {The decisive mistake.} (20. Bxf6 Nxf6 21. Qh4 Rg4 22. Qh3 Rdg8 23. g3
Ne4 24. Qg2 Qh6 {Black's compensation is obvious, but he does not have
anything decisive.} (24... Nxg3 $2 25. fxg3 Rxg3 26. hxg3 Rxg3 27. Re2 {
and White gets too much material for the queen.})) {[%tqu "En","How should
black continue?","","","g8g7","",10]} 20... Rxg7 $1 21. Qxg7 {[%tqu "En","And
now?","","","f4f5","Probably this move was missed by GM Adianto. White's queen
is trapped.",5]} Qf5 $1 {Probably this move was missed by GM Adianto. White's
queen is trapped.} 22. Nd4 $8 Bxg7 23. Nxf5 Bxf5 {From the materialistic point
of view, white's position is not that bad. However, in this endgame Black's
excellent light pieces easily overcome White's rook + pawn.} 24. Re7 Nh6 25.
Bf3 Be6 26. Re1 Rd6 $1 (26... Bf6 27. R1xe6 fxe6 28. Rxe6 {and after capturing
the Pa6 White will get 3 pawns for a piece.}) 27. Re8+ Kd7 28. Ra8 Nf5 {
All is well protected in black's camp. The following d5-d4 breakthrow will
yield black an easy victory.} 29. Rg8 Bf6 30. h4 d4 31. cxd4 Bxd4 32. b3 c5 33.
h5 Bc3 34. Rc1 b4 35. Ra8 Nd4 36. Bd1 Bd5 37. Ra7+ Kd8 38. Kh2 Nb5 {[%csl Ra7]}
0-1

[Event "Corus-B"]
[Site "Wijk aan Zee"]
[Date "2003.01.12"]
[Round "2"]
[White "Naiditsch, Arkadij"]
[Black "Rogers, Ian"]
[Result "1/2-1/2"]
[WhiteElo "2585"]
[BlackElo "2569"]
[Annotator "Postny,E"]
[PlyCount "80"]
[EventDate "2003.01.14"]
[EventType "tourn"]
[EventRounds "13"]
[EventCountry "NED"]
[EventCategory "13"]
[SourceTitle "CBM 093"]
[Source "ChessBase"]
[SourceDate "2003.04.01"]
[SourceVersion "1"]
[SourceVersionDate "2003.04.01"]
[SourceQuality "1"]

1. e4 e5 2. Nf3 Nc6 3. Bb5 a6 4. Ba4 Nf6 5. O-O Nxe4 6. d4 b5 7. Bb3 d5 8. dxe5
Be6 9. Nbd2 Nc5 10. c3 d4 {This move is a prelude to an extremely sharp
struggle. Solid alternatives are: 10...Be7 and 10...Bg4.} 11. Ng5 {White is
accepting the challenge. Also appeared in practice 11.cxd4 and 11.Bxe6.} Qxg5
12. Qf3 O-O-O 13. Bxe6+ fxe6 14. Qxc6 Qxe5 15. b4 Qd5 (15... dxc3 16. bxc5 cxd2
17. Qxa6+ Kd7 18. Bxd2 $36 {1/2-1/2 Gruenfeld,Y-Gyimesi,Z/Tel Aviv 2001/CBM 82
(52)}) 16. Qxd5 exd5 17. bxc5 dxc3 18. Nb3 d4 19. Ba3 {After more or less
forced sequence of moves the position is still can not be exactly evaluated.
What is worth more - white's extra piece or black's passed pawns in the centre?
} Rd5 $2 $146 {A strange move, which should be considered as a losing one.} ({
The theoretical lines are:} 19... g6) (19... Be7) 20. Rfd1 {Now white just
captures one of black's passed pawns, however the matters are still not that
simple...} Be7 (20... d3 21. Rac1) 21. Rxd4 Rxd4 22. Nxd4 Bf6 23. Nb3 $1 {
Preventing the a6-a5 and b5-b4 advance.} (23. Nc2 a5 $132 {[%cal Gb5b4]}) 23...
Re8 24. Bb4 $2 {This mistake throws away all of white's advantage.} (24. f3 $1
{It is important to cover the e4 square.} Re2 25. Kf1 Rc2 26. c6 {and black's
compensation for the piece is not sufficient.}) 24... Re4 $1 25. a3 (25. Ba5 c2
26. Rc1 Rc4 {[%cal Gf6b2] is similar to the game.}) 25... c2 26. Rc1 (26. Rf1
Bb2 {following by 27...Rc4 and after white plays 28.Bd2 black will capture the
Pa3.}) 26... Rc4 27. Kf1 Bb2 28. Ke2 Bxc1 29. Nxc1 {The material balance is
now approximately equal as well as the evaluation of the whole endgame.} Rd4 {
[%mdl 1024]} 30. Bc3 Rd1 31. Bd2 Kd7 (31... Rh1 32. Bf4 Rd1 $11) 32. Kd3 Kc6
33. Kxc2 ({The variation} 33. Nb3 c1=Q 34. Nxc1 Kxc5 35. Kc3 {makes no
difference.}) 33... Rg1 34. g3 (34. Nd3 Rxg2 35. Bf4 g5 36. Bg3 h5 37. Ne1)
34... Kxc5 {Usually in the endgame R+P vs B+N, the rook is preferable, but
white can maintain the equality here, since his pieces coordination is good
enough.} 35. Nd3+ Kc4 36. Bc3 (36. Bb4 $5 g6 $13 (36... Ra1 $6 {[%cal Ga6a5]}
37. Bf8 {[%csl Ra1][%cal Gd3c1]})) 36... g6 37. Ne5+ Kd5 38. Ng4 c5 39. h4 (39.
Nf6+ $2 Kc4 {[%cal Rb5b4]}) 39... Rh1 40. Kd3 Rd1+ (40... Rd1+ 41. Kc2 Rg1 $11
42. Nf6+ $2 Kc4 43. Nxh7 Rf1) 1/2-1/2